| 000 | 00952nas a2200301 4500 | ||
|---|---|---|---|
| 001 | BR0705724 | ||
| 003 | BR-BrBNA | ||
| 005 | 20231205110958.0 | ||
| 007 | ta | ||
| 008 | 230509b bl.|||p| |||| 00| 00por d | ||
| 040 |
_aBR-BrBNA _bpor _cBiblioteca Nacional de Agricultura |
||
| 041 | _a(En) | ||
| 072 | _aH20 | ||
| 100 | 1 | _aSerra, I.M.R. de S. | |
| 100 | 1 | _aMenezes, M. | |
| 100 | 1 | _aCoelho, R.S.B. | |
| 100 | 1 | _aFerraz, G. de M.G. | |
| 100 | 1 | _aMontarroyos, A.V.V. | |
| 100 | 1 | _aMartins, L.S.S. | |
| 245 | 1 | _aMorphophysiological and molecular analysis in the differentiation of Colletotrichum gloeosporioides isolates from cashew and mango trees | |
| 650 | _aCAJU | ||
| 650 | _aMANGA | ||
| 650 | _aCOLLETOTRICHUM | ||
| 650 | _aANTRACNOSE | ||
| 773 | 0 |
_tAnais da Academia Pernambucana de Ciência Agronômica (Brazil) _xISSN _g(2006), v. 3 p. 216-241 _wBR0705724 |
|
| 909 |
_a202311 _bLúcia _c55 _dLúcia Elande |
||
| 942 |
_2AGRIS _n0 _cANA |
||
| 999 |
_c190052 _d190052 |
||